Anl̀isis burst̀il

Bibliographic Details
Corporate Author: Instituto Mexicano de Contadores Pb︢licos
Format: eBook
Language:Spanish
Published: [Mx̌ico] : Instituto Mexicano de Contadores Pb︢licos, 2009.
Subjects:
Online Access:Acceso restringido

MARC

LEADER 00000nam a22000007a 4500
005 20110906102517.0
008 110906t2009 mx ||||s|||| 00| 0 spa d
020 |a 978-607-7620-17-4 
035 |a 5609 
040 |a vLex 
090 |c 2381  |d 2381 
245 0 0 |a Anl̀isis burst̀il  |h [Recurso electrn̤ico] /  |c Juan Alberto Adam Siade (compilador) 
256 |a Servicio en ln̕ea. 
260 |a [Mx̌ico] :  |b Instituto Mexicano de Contadores Pb︢licos,  |c 2009. 
300 |a 1 recurso electrn̤ico 
500 |a En esta obra el lector podr ̀observar cm̤o el anl̀isis tčnico y el fundamental mandan seąles de lo que podra̕ suceder. Pero, en ningn︢ momento esas seąles podra̕n ser del todo exactas porque las ciencias sociales no lo son, y porque en esencia si un prons̤tico pudiera ser infalible, entonces no sera̕ un prons̤tico como tal.  
506 1 |a Contenido solo disponible en los productos indicados  |d vLex Global  |d vLex Global (Academic Edition, excluding Law Schools)  |d vLex Global (U.S. Academic Edition, Law Schools)  |d vLex Global (U.S. Academic Edition, excluding Law Schools)  |d vLex Global (Academic Edition, Law Schools) 
650 0 4 |a Bolsa de valores  |z Mx̌ico 
710 2 |a Instituto Mexicano de Contadores Pb︢licos 
740 0 |a vLex Libros (Servicio en ln̕ea) 
856 4 0 |u http://vlex.com/source/analisis-bursatil-5609  |z Acceso restringido 
942 |c BOOK